LIBRARY & INFORMATION CENTRE, KCAET, TAVANUR

ONLINE PUBLIC ACCESS CATALOGUE (OPAC)

Applied hydrology / (Record no. 11116)

MARC details
000 -LEADER
fixed length control field 00792cam a2200157ua 4500
003 - CONTROL NUMBER IDENTIFIER
control field OSt
008 - FIXED-LENGTH DATA ELEMENTS--GENERAL INFORMATION
fixed length control field 220205b ||||| |||| 00| 0 eng d
041 ## - LANGUAGE CODE
Language code of text/sound track or separate title eng
082 ## - DEWEY DECIMAL CLASSIFICATION NUMBER
Classification number 551.48
Item number MUT/AP
100 ## - MAIN ENTRY--AUTHOR NAME
Personal name Mutreja, K.N .
245 ## - TITLE STATEMENT
Title Applied hydrology /
260 ## - PUBLICATION, DISTRIBUTION, ETC. (IMPRINT)
Place of publication New Delhi :
Name of publisher Tata Mc-Graw Hill Publishing Company ,
Year of publication 1990.
300 ## - PHYSICAL DESCRIPTION
Number of Pages 960 ; .
505 ## - FORMATTED CONTENTS NOTE
Formatted contents note Meterology --<br/>statistics in hydrologic analyses --<br/>Regional statistical analysis --<br/>Hydrological cycle components and their data preparation --<br/>Precipitation --<br/>The hydrograph --<br/>Snow --<br/>Hydrologic losses --<br/>Groundwater --<br/>Streamflow --<br/>Hydrologic design --<br/>Fllod routing --<br/>Hydrologic synthesis and simulation --<br/>Design flood --<br/>reservoir --<br/>Reservoir sedimentation --<br/>Project formulation.
942 ## - ADDED ENTRY ELEMENTS (KOHA)
Koha item type Books
Holdings
Withdrawn status Lost status Damaged status Home library Current library Date acquired Full call number Accession Number Koha item type
      KAUAET KAUAET 07/04/2012 551.48 16937 Books
free website counter